Statistics for Name the dinosaur #2

Click here to take the quiz!

General Stats

  • This quiz has been taken 16 times
  • The average score is 11 of 15

Answer Stats

Answer% Correct
Baryonyx
100%
Ceratosaurus
86%
Corythosaurus
86%
Deinonychus
86%
Gallimimus
86%
Compsognathus
71%
Giganotosaurus
71%
Microraptor
71%
Therizinosaurus
71%
Plateosaurus
57%
Protoceratops
57%
Styracosaurus
57%
Troodon
57%
Tsintaosaurus
57%
Hypsilophodon
43%

Score Distribution

Percentile by Number Answered

Percent of People with Each Score

Your Score History

You have not taken this quiz